Organización industrial para la estrategia empresarial
Uloženo v:
| Hlavní autor: | |
|---|---|
| Další autoři: | |
| Médium: | Kniha |
| Jazyk: | španělština |
| Vydáno: |
Buenos Aires
Pearson Education S. A
2001
|
| Vydání: | 1a. ed |
| Témata: | |
| Tagy: |
Přidat tag
Žádné tagy, Buďte první, kdo vytvoří štítek k tomuto záznamu!
|
MARC
| LEADER | 00000cam a2200000 a 4500 | ||
|---|---|---|---|
| 001 | UCD0195 | ||
| 003 | CL-VaPUC | ||
| 005 | 20241106112635.0 | ||
| 008 | 151120e20010000ag |||||||||||||||||spa|d | ||
| 999 | |c 361810 |d 361808 | ||
| 020 | |a 987946057X | ||
| 040 | |c Pontificia Universidad Católica de Valparaíso | ||
| 082 | 0 | 4 | |a 658.1 |b TAR |2 21 |
| 100 | 0 | |a Tarziján Martabit, Jorge |e author |9 583225 | |
| 245 | 1 | 0 | |a Organización industrial para la estrategia empresarial |
| 250 | |a 1a. ed | ||
| 260 | |a Buenos Aires |b Pearson Education S. A |c 2001 | ||
| 300 | |a 346 p | ||
| 583 | |a last modification |c 20151120 13:39:00 |k Rodrigo Vera | ||
| 650 | 0 | |a Gestión de empresas |9 433832 | |
| 650 | 0 | |a Gobierno de la empresa |9 891576 | |
| 650 | 0 | |a Competencia económica |9 256096 | |
| 650 | 0 | |a Política de precios |9 259481 | |
| 650 | 0 | |a Teoría de juegos |9 263826 | |
| 700 | |a Paredes M., Ricardo |e autor |9 589572 | ||
| 942 | |c BK |2 ddc | ||
| 945 | |d 20151120 13:39:00 |a dcastane | ||
| 952 | |0 0 |1 0 |3 erb |4 0 |6 658_100000000000000_TAR_2001 |7 0 |8 CCM |9 472494 |a BIBCUR |b BIBCUR |i 5250838 |o 658.1 TAR 2001 |p 5250838 |r 2025-04-22 |w 2019-11-24 |y BK |z Catalogado en:20151120 |k CIM | ||
| 952 | |0 0 |1 0 |2 ddc |3 erb |4 0 |6 658_100000000000000_TAR_2001 |7 0 |8 R |9 472495 |a BIBENE |b BIBENE |i 5327474 |l 2 |m 1 |o 658.1 TAR 2001 |p 5327474 |r 2025-01-15 |s 2023-06-16 |w 2019-11-24 |y BK_R |z Catalogado en:20170226 |k ICO | ||